Statistics for NBA Impossible Test

Click here to take the quiz!

General Stats

  • This quiz has been taken 257 times
    (221 since last reset)
  • The average score is 33 of 60

Answer Stats

QuestionAnswer% Correct
Which NBA player is on the NBA logo?Jerry West
99%
Which team was formerly known as the Seattle Supersonics?Oklahoma City Thunder
99%
How many championships has Michael Jordan won?6
95%
Which one of these NBA players think the world is flat?Kyrie Irving
91%
What is the record for most points in an NBA season and which player?Wilt Chamberlain (50.4)
89%
Who is the shortest NBA player to win MVP?Allen Iverson
85%
What was the nickname of George Gervin?The Iceman
85%
What year did Derrick Rose win MVP?2011
84%
Where is Luka Doncic from?Slovenia
84%
Which NBA player won the MVP in 2001?Allen Iverson
81%
Who did Allen Iverson step over in Game 1 of the 2001 NBA Finals?Tyronn Lue
80%
Which NBA team has the most championships?Boston Celtics
77%
Which team won the 2014 NBA championship?San Antonio Spurs
74%
What was the nickname of Gilbert Arenas?Agent 0
73%
Which of the following is NOT a Canadian NBA player?DeMar DeRozan
73%
Which NBA player was in the same draft class as LeBron James?Darko Milicic
72%
What college did Damian Lillard attend?Weber State
72%
Which of the following numbers did Michael Jordan wear?45
71%
What country is Manute Bol from?Sudan
71%
How tall was Larry Bird?6'9
70%
What college did Jimmy Butler attend?Marquette
69%
Who was the tallest NBA player ever?Manute Bol
68%
Which of the following teams HAS made it to the NBA Finals?Brooklyn/NJ Nets
67%
Where did James Harden go to college?Arizona State
66%
What year was the three-point line added?1979
61%
Which former NBA player was nicknamed "Chocolate Thunder"Darryl Dawkins
61%
Which of the following players is NOT from Australia?Jabari Parker
56%
Who won defensive player of the year in 1998?Dikembe Mutombo
55%
Which NBA player was the starting SF for the Utah Jazz in 2017?Joe Ingles
55%
Why did Michael Jordan wear the number 12 in an NBA game?His jersey was stolen so he wore 12
54%
Who was the first pick in the 2009 NBA Draft?Blake Griffin
52%
Where is the NBA HoF located?Massachusetts
52%
Which of the following players was a first-round draft pick?Muggsy Bogues
52%
How many technical free throws is a 3-second violation on defense?1
51%
What is the record for most points in an NBA season?4,029
51%
Who was the NBA champion in 1983Philadelphia 76ers
43%
Who is the current coach of the Charlotte Hornets?James Borrego
40%
What teams played in the first NBA game?Knicks vs. Huskies
39%
What number was Russell Westbrook in college?0
38%
Which of the following numbers has never been worn by an NBA player?74
38%
Who is the current owner of the Atlanta Hawks?Anthony Ressler
37%
How tall was Steve Nash?6'3
36%
Who was the head coach of the 1994 and 1995 Houston Rockets Championship Squad?Rudolph Tomjanovich Jr.
36%
Who was the Milwaukee Bucks' first-round draft pick in 2016?Thon Maker
36%
Against who was the first loss of the Warriors' 73-9 season?Milwaukee Bucks
35%
How old was Wilt Chamberlain when he died?63
34%
How did former commissioner David Stern die?A brain hemorrhage
34%
What year did Yao Ming retire?2011
33%
What NBA team was the first Canadian team in the NBA?Huskies
32%
Who was the very first black player to sign an NBA contract?Nat Cliffton
32%
Which NBA player had the highest free throw percentage in a season?Stephen Curry
27%
Which NBA player won MVP in 1957?Bob Cousy
26%
Who was the last pick in the 2009 NBA Draft?Robert Dozier
26%
What is the biggest margin of victory ever in an NBA game?68
25%
Who was the Finals MVP in the 2003 NBA Championship?Tim Duncan
25%
Which of the following countries hasn't had an NBA player?Chad
24%
For how many seasons did Kobe Bryant wear the number 8?10
19%
Which team was Ray Allen drafted by?Minnesota Timberwolves
19%
Which of the following IS a current or former NBA player?Rick Rickert
13%
Who had the worst free throw percentage in a single season?Andris Bieldrins
9%

Score Distribution

Percentile by Number Answered

Percent of People with Each Score

Your Score History

You have not taken this quiz since the last reset